00657cam a2200205Ia 450000100090000000300060000900500170001500800410003203500200007304000320009308200140012510000530013924500870019226000430027930000200032250000440034265000250038665000200041173000200043116665780OCoLC20190117170648.0870910s196u ilu 000 0 eng d a(OCoLC)16665780 aKATbengcKATdOCLCGdOCLCQ a248bE24C1 aEdman, V. Raymondq(Victor Raymond),d1900-1967.10aCrisis experiences in the lives of noted Christians /cedited by V. Raymond Edman. aChicago, Ill. :bMoody Press,c[196-?] a96 p. ;c14 cm. aReprinted from Christian Life magazine. 0aChristian biography. 0aChristian life.0 aChristian Life.